<?xml version="1.0" encoding="UTF-8"?>
<record
    xmlns:xsi="http://www.w3.org/2001/XMLSchema-instance"
    xsi:schemaLocation="http://www.loc.gov/MARC21/slim http://www.loc.gov/standards/marcxml/schema/MARC21slim.xsd"
    xmlns="http://www.loc.gov/MARC21/slim">

  <leader>03969cam a2200445 a 4500</leader>
  <datafield tag="952" ind1=" " ind2=" ">
    <subfield code="0">0</subfield>
    <subfield code="1">0</subfield>
    <subfield code="4">0</subfield>
    <subfield code="7">0</subfield>
    <subfield code="8">OPEN</subfield>
    <subfield code="a">UCCML</subfield>
    <subfield code="b">UCCML</subfield>
    <subfield code="c">MLEE1</subfield>
    <subfield code="d">2019-04-24</subfield>
    <subfield code="i">0214649</subfield>
    <subfield code="l">1</subfield>
    <subfield code="o">BD21.St9</subfield>
    <subfield code="p">30261100570466</subfield>
    <subfield code="r">2019-05-10 00:00:00</subfield>
    <subfield code="s">2019-04-26</subfield>
    <subfield code="w">2019-04-24</subfield>
    <subfield code="y">BK</subfield>
  </datafield>
  <datafield tag="999" ind1=" " ind2=" ">
    <subfield code="c">31146</subfield>
    <subfield code="d">31146</subfield>
  </datafield>
  <controlfield tag="001">ocm27108059 </controlfield>
  <controlfield tag="003">OCoLC</controlfield>
  <controlfield tag="005">20220304163436.0</controlfield>
  <controlfield tag="008">921120s1993    nyua     b    001 0 eng  </controlfield>
  <datafield tag="010" ind1=" " ind2=" ">
    <subfield code="a">   92043670 </subfield>
  </datafield>
  <datafield tag="015" ind1=" " ind2=" ">
    <subfield code="a">GB9416837</subfield>
    <subfield code="2">bnb</subfield>
  </datafield>
  <datafield tag="020" ind1=" " ind2=" ">
    <subfield code="a">0070624682</subfield>
  </datafield>
  <datafield tag="020" ind1=" " ind2=" ">
    <subfield code="a">9780070624689</subfield>
  </datafield>
  <datafield tag="029" ind1="1" ind2=" ">
    <subfield code="a">AU@</subfield>
    <subfield code="b">000009734132</subfield>
  </datafield>
  <datafield tag="029" ind1="1" ind2=" ">
    <subfield code="a">DEBBG</subfield>
    <subfield code="b">BV008382363</subfield>
  </datafield>
  <datafield tag="029" ind1="1" ind2=" ">
    <subfield code="a">NZ1</subfield>
    <subfield code="b">2673611</subfield>
  </datafield>
  <datafield tag="035" ind1=" " ind2=" ">
    <subfield code="a">(OCoLC)27108059</subfield>
    <subfield code="z">(OCoLC)30026494</subfield>
  </datafield>
  <datafield tag="040" ind1=" " ind2=" ">
    <subfield code="a">DLC</subfield>
    <subfield code="b">eng</subfield>
    <subfield code="c">DLC</subfield>
    <subfield code="d">UKM</subfield>
    <subfield code="d">BAKER</subfield>
    <subfield code="d">BTCTA</subfield>
    <subfield code="d">YDXCP</subfield>
    <subfield code="d">DEBBG</subfield>
    <subfield code="d">OCLCQ</subfield>
    <subfield code="d">TULIB</subfield>
    <subfield code="d">OCLCF</subfield>
    <subfield code="d">OCLCQ</subfield>
    <subfield code="d">OCLCO</subfield>
    <subfield code="d">OCLCQ</subfield>
    <subfield code="d">OCLCO</subfield>
    <subfield code="d">JHWCP</subfield>
    <subfield code="d">T9K</subfield>
    <subfield code="d">OCLCQ</subfield>
    <subfield code="d">OCLCA</subfield>
  </datafield>
  <datafield tag="050" ind1="0" ind2="0">
    <subfield code="a">BD21</subfield>
    <subfield code="b">.S825 1993</subfield>
  </datafield>
  <datafield tag="082" ind1="0" ind2="0">
    <subfield code="a">100</subfield>
    <subfield code="2">20</subfield>
  </datafield>
  <datafield tag="084" ind1=" " ind2=" ">
    <subfield code="a">5,1</subfield>
    <subfield code="2">ssgn</subfield>
  </datafield>
  <datafield tag="084" ind1=" " ind2=" ">
    <subfield code="a">CB 4000</subfield>
    <subfield code="2">rvk</subfield>
  </datafield>
  <datafield tag="100" ind1="1" ind2=" ">
    <subfield code="a">Stumpf, Samuel Enoch,</subfield>
    <subfield code="d">1918-</subfield>
    <subfield code="9">61157</subfield>
  </datafield>
  <datafield tag="245" ind1="1" ind2="0">
    <subfield code="a">Elements of philosophy :</subfield>
    <subfield code="b">an introduction /</subfield>
    <subfield code="c">Samuel Enoch Stumpf.</subfield>
  </datafield>
  <datafield tag="250" ind1=" " ind2=" ">
    <subfield code="a">3rd ed.</subfield>
  </datafield>
  <datafield tag="260" ind1=" " ind2=" ">
    <subfield code="a">New York :</subfield>
    <subfield code="b">McGraw-Hill Book Co.,</subfield>
    <subfield code="c">&#xFFFD;1993.</subfield>
  </datafield>
  <datafield tag="300" ind1=" " ind2=" ">
    <subfield code="a">xix, 591 pages :</subfield>
    <subfield code="b">illustrations ;</subfield>
    <subfield code="c">24 cm</subfield>
  </datafield>
  <datafield tag="504" ind1=" " ind2=" ">
    <subfield code="a">Includes bibliographical references (pages 584-587) and index.</subfield>
  </datafield>
  <datafield tag="505" ind1="2" ind2=" ">
    <subfield code="a">Introduction: What Is Philosophy? -- pt. 1. Ethics: What Should I Do and Why Should I Do It? Ch. 1. Fulfilling Human Purpose: Aristotle. Ch. 2. What Can We Control?: The Stoics. Ch. 3. The Modes of Love: Augustine. Ch. 4. A Sense of Duty: Kant. Ch. 5. Pleasure versus Pain: Bentham and Mill. Ch. 6. Turning Values Upside Down: Nietzsche. Ch. 7. Is There a Characteristically Feminine Voice Defining Morality?: Gilligan and Baier -- pt. 2. Politics: Why Should I Obey? Ch. 8. The Natural Basis for Society: Plato and Aristotle. Ch. 9. Political Consequences of Biological Differences: Beauvoir, Plato, and Trebilcot. Ch. 10. Natural Law: Aquinas. Ch. 11. The Social Contract: Hobbes and Locke. Ch. 12. Individualism and Liberty: Bentham and Mill. Ch. 13. Class Conflict: Marx. Ch. 14. Justice as Fairness: Rawls -- pt. 3. Knowledge: What Can I Know? Ch. 15. Opinion versus Knowledge: Plato. Ch. 16. Power of Reason: Descartes. Ch. 17. Limits of Knowledge: Hume. Ch. 18. How Knowledge Is Possible: Kant. Ch. 19. Thinking and Doing: James. Ch. 20. Words and the World: The Linguistic Turn: Russell, Carnap, Wittgenstein, and Rorty -- pt. 4. Religious Knowledge and The Existence of God: What Can I Believe? Ch. 21. The Nature of Religious Knowledge: Aquinas, James, Russell, and Freud. Ch. 22. Proving the Existence of God: Anselm, Aquinas, Paley, Hume, Kant, and Pascal -- pt. 5. Metaphysics: What Is There? Ch. 23. Causes of Being: Aristotle. Ch. 24. Atoms and Space: Leucippus, Democritus, and Eddington. Ch. 25. Mind, the True Reality: Berkeley -- pt. 6. Personal Identity: What Am I? Ch. 26. The Separation of Mind and Body: Descartes. Ch. 27. Descartes' Category-Mistake: Ryle. Ch. 28. Do Minds Survive Death of the Body?: Plato, Hume, and Kierkegaard. Ch. 29. The Mind-Body Problem: Searle -- pt. 7. Freedom of the Will: Is My Will Free? Ch. 30. Human Beings as Controlled Puppets: Hospers. Ch. 31. The Impact of Our Past on Our Present: Radhakrishnan. Ch. 32. A Personal Exemption from Complete Determinism: Skinner. Ch. 33. How Can We Explain Judgments of Regret?: James. Ch. 34. Minds, Brains, and Science: Searle -- pt. 8. The Question of Destiny: What Is the Meaning of Life? Ch. 35. The Deliberate Limitations of Philosophy: Warnock. Ch. 36. The Inevitability of the Question "What Is the Aim of Life": Tolstoy. Ch. 37. The Stages on Life's Way: Kierkegaard. Ch. 38. The Human Condition: Sartre.</subfield>
  </datafield>
  <datafield tag="650" ind1=" " ind2="0">
    <subfield code="a">Philosophy</subfield>
    <subfield code="v">Introductions.</subfield>
    <subfield code="9">1034</subfield>
  </datafield>
  <datafield tag="650" ind1=" " ind2="7">
    <subfield code="a">Philosophy.</subfield>
    <subfield code="2">fast</subfield>
    <subfield code="9">61158</subfield>
  </datafield>
  <datafield tag="650" ind1=" " ind2="7">
    <subfield code="a">Einf&#xFFFD;uhrung</subfield>
    <subfield code="2">gnd</subfield>
    <subfield code="9">61159</subfield>
  </datafield>
  <datafield tag="650" ind1=" " ind2="7">
    <subfield code="a">Philosophie</subfield>
    <subfield code="2">gnd</subfield>
    <subfield code="9">61160</subfield>
  </datafield>
  <datafield tag="653" ind1="0" ind2=" ">
    <subfield code="a">Philosophy</subfield>
  </datafield>
  <datafield tag="655" ind1=" " ind2="7">
    <subfield code="a">Introductions.</subfield>
    <subfield code="2">fast</subfield>
    <subfield code="9">5771</subfield>
  </datafield>
  <datafield tag="856" ind1="4" ind2="1">
    <subfield code="3">Table of contents</subfield>
    <subfield code="u">http://catdir.loc.gov/catdir/toc/mh021/92043670.html</subfield>
  </datafield>
  <datafield tag="856" ind1="4" ind2="2">
    <subfield code="3">Publisher description</subfield>
    <subfield code="u">http://catdir.loc.gov/catdir/description/mh022/92043670.html</subfield>
  </datafield>
  <datafield tag="942" ind1=" " ind2=" ">
    <subfield code="c">BK</subfield>
  </datafield>
  <datafield tag="948" ind1=" " ind2=" ">
    <subfield code="h">HELD BY GHUCC - 75 OTHER HOLDINGS</subfield>
  </datafield>
</record>
